000
00293nam a22001337a 4500
008
170908b xxu||||| |||| 00| 0 eng d
020
_a
9780675208864
041
_a
eng
080
_2
5 ED
_a
91
100
_a
91
101
_a
GEO
245
_a
GENERAL GEOLOGY
_c
FOSTER.R.J
942
_2
udc
_c
BK
999
_c
26764
_d
26764